000 00322nam a22001457a 4500
020 _a0-689-87531-2
082 _a823
_bCER/S
100 _aCERASINI, MARC
245 _aSPONGEBOB SQUAREPANTS
260 _aNEW YORK
_bSIMON SPOTLIGHT
_c2004
300 _a143
520 _aSHORT STORY
650 _aSHORT STORY
942 _cBK
999 _c5791
_d5791